| Tag |
First Indicator |
Second Indicator |
Subfields |
| LEADER |
00000cam a2200000 a 4500 |
| 001 |
in00001007421 |
| 005 |
20150927222149.0 |
| 008 |
890621s1990 caua j 00010 eng |
| 010 |
|
|
|a 89036481
|
| 020 |
|
|
|a 015200405X (lib. bdg.) :
|c $16.95
|
| 035 |
|
|
|a (OCoLC)20090658
|
| 035 |
|
|
|9 AFD9388AM
|
| 040 |
|
|
|a DLC
|c DLC
|d TXA
|d UtOrBLW
|
| 049 |
|
|
|a TXAM
|
| 050 |
0 |
0 |
|a ML3930.V4
|b P7 1990
|
| 082 |
0 |
0 |
|a 782.1/026/9
|2 20
|
| 100 |
1 |
|
|a Price, Leontyne.
|
| 245 |
1 |
0 |
|a Aïda /
|c as told by Leontyne Price ; illustrated by Leo and Diane Dillon.
|
| 250 |
|
|
|a 1st ed.
|
| 264 |
|
1 |
|a San Diego :
|b Harcourt Brace Jovanovich,
|c [1990]
|
| 264 |
|
4 |
|c ©1990
|
| 300 |
|
|
|a 32 unnumbered pages :
|b color illustrations ;
|c 29 cm.
|
| 336 |
|
|
|a text
|b txt
|2 rdacontent
|
| 337 |
|
|
|a unmediated
|b n
|2 rdamedia
|
| 338 |
|
|
|a volume
|b nc
|2 rdacarrier
|
| 500 |
|
|
|a "Gulliver books."
|
| 500 |
|
|
|a "Based on the opera by Giuseppe Verdi."
|
| 520 |
|
|
|a Retells the story of Verdi's opera in which the love of the enslaved Ethiopian princess for an Egyptian general brings tragedy to all involved.
|
| 586 |
|
|
|a Coretta Scott King Illustrator Award, 1991
|
| 586 |
|
|
|a Texas Bluebonnet Award nominee, 1993.
|
| 600 |
1 |
0 |
|a Verdi, Giuseppe,
|d 1813-1901.
|t Aïda
|x Juvenile literature.
|
| 600 |
1 |
1 |
|a Verdi, Giuseppe,
|d 1813-1901.
|t Aïda.
|
| 650 |
|
1 |
|a Operas
|x Stories, plots, etc.
|
| 700 |
1 |
|
|a Dillon, Leo,
|e illustrator.
|
| 700 |
1 |
|
|a Dillon, Diane,
|e illustrator.
|
| 700 |
1 |
|
|a Verdi, Giuseppe,
|d 1813-1901.
|t Aïda.
|
| 999 |
|
|
|a MARS
|
| 999 |
f |
f |
|s c7530b20-1dd9-31ba-bb92-13529f5380a8
|i 5091295f-3eee-3b06-86ec-21c912761897
|t 0
|
| 952 |
f |
f |
|p ric
|a Texas A&M University
|b Rellis Campus
|c Joint Library Facility
|d Remote Storage
|t 0
|e ML3930.V4 P7 1990
|h Library of Congress classification
|i unmediated -- volume
|m A14814407059
|
| 998 |
f |
f |
|a ML3930.V4 P7 1990
|t 0
|l Remote Storage
|